Catálogo
 En Linea

Luz del mundo II : (Registro nro. 22974)

Detalles MARC
000 -CABECERA
campo de control de longitud fija 00562nam a2200169 a 4500
001 - NÚMERO DE CONTROL
campo de control 000023478
005 - FECHA Y HORA DE LA ÚLTIMA TRANSACCIÓN
campo de control 20200930022240.0
008 - DATOS DE LONGITUD FIJA--INFORMACIÓN GENERAL
campo de control de longitud fija 101209s1981 sp ac r 000 0 spa d
040 ## - FUENTE DE LA CATALOGACIÓN
Centro catalogador/agencia de origen DO-SdBNP
Lengua de catalogación spa
Centro/agencia transcriptor BNPHU
082 ## - NÚMERO DE LA CLASIFICACIÓN DECIMAL DEWEY
Número de clasificación 234.16
Número de documento/Ítem M357l
049 ## - FONDOS LOCALES (OCLC)
Fondos de biblioteca BNGR
100 1# - ENTRADA PRINCIPAL--NOMBRE DE PERSONA
Nombre de persona Marqués Suriñach, Juan,
Fechas asociadas al nombre 1928-
9 (RLIN) 48374
245 10 - MENCIÓN DE TÍTULO
Título Luz del mundo II :
Resto del título sacramentos, novísimos: (separata-formación religiosa extraescolar) /
Mención de responsabilidad, etc. Juan Marqués Suriñach.
260 ## - PUBLICACIÓN, DISTRIBUCIÓN, ETC.
Lugar de publicación, distribución, etc. Madrid :
Nombre del editor, distribuidor, etc. Susaeta,
Fecha de publicación, distribución, etc. 1981.
300 ## - DESCRIPCIÓN FÍSICA
Extensión 201 p. :
Otras características físicas il., retrs. ;
Dimensiones 20 cm.
650 #4 - PUNTO DE ACCESO ADICIONAL DE MATERIA--TÉRMINO DE MATERIA
Término de materia o nombre geográfico como elemento de entrada Sacramentos
9 (RLIN) 10990

No hay ítems disponibles.

Con tecnología Koha